[Event "AUT-chT2S 9900"]
[Site "Austria"]
[Date "1999.10.10"]
[Round "2.4"]
[White "Sorg, Bernd"]
[Black "Jochinger, Ferdinand"]
[Result "1-0"]
[WhiteElo "2216"]
[BlackElo "2200"]
[Annotator "Gabriele Ballarin"]
[PlyCount "81"]
[EventDate "1999.10.??"]
[EventType "team"]
[EventRounds "11"]
[EventCountry "AUT"]
[SourceTitle "EXT 2002"]
[Source "ChessBase"]
[SourceDate "2001.11.25"]
[SourceVersion "1"]
[SourceVersionDate "2001.11.25"]
[SourceQuality "1"]

1. Nf3 d5 2. g3 e6 3. Bg2 Nf6 4. O-O Be7 5. d4 O-O 6. c4 c6 7. Nc3 b6 8. Ne5 Bb7 9. e4 dxc4 10. Nxc4 Ba6 11. b3 b5 12. Ne3 b4 13. Ne2 Bxe2 14. Qxe2 Qxd4 15. Bb2 Qb6 16. Rac1 a5 17. g4 h6 18. Kh1 Nh7 19. f4 a4 20. g5 hxg5 21. f5 axb3 22. axb3 Ra2 23. Nc4 Qd4 24. fxe6 Rxb2 25. exf7+ Rxf7 26. Qxb2 Qxb2 27. Nxb2 Rxf1+ 28. Rxf1 Nf6 29. Nd3 Nbd7 30. Rc1 c5 31. e5 Ng4 32. e6 Nde5 33. Nxc5 g6 34. Ne4 Nd3 35. Rc7 Kf8 36. Rc2 Ne3 37. Rc8+ Kg7 38. Re8 Nf5 39. Bh3 Bc5 40. Rd8 Nf4 41. Bxf5 1-0

[Event "AUT-chT2S 9900"]
[Site "Austria"]
[Date "1999.10.10"]
[Round "2.4"]
[White "Wegerer, Fred"]
[Black "Schein, Karl Heinz"]
[Result "1/2-1/2"]
[WhiteElo "2196"]
[BlackElo "2229"]
[Annotator "Gabriele Ballarin"]
[PlyCount "84"]
[EventDate "1999.10.??"]
[EventType "team"]
[EventRounds "11"]
[EventCountry "AUT"]
[SourceTitle "EXT 2002"]
[Source "ChessBase"]
[SourceDate "2001.11.25"]
[SourceVersion "1"]
[SourceVersionDate "2001.11.25"]
[SourceQuality "1"]

1. Nf3 Nf6 2. e3 d5 3. d4 Bf5 4. Bd3 Bg6 5. O-O e6 6. Ne5 Nbd7 7. f4 Nxe5 8. fxe5 Ne4 9. Nd2 Nxd2 10. Bxd2 Bxd3 11. cxd3 Be7 12. Qg4 O-O 13. Rf3 Qe8 14. e4 f5 15. exf5 exf5 16. Rxf5 Rxf5 17. Qxf5 Qf7 18. Qg4 Rf8 19. Be3 Qf5 20. Qxf5 Rxf5 21. Rc1 c6 22. Rc3 Bd8 23. a4 Ba5 24. Rc2 Kf7 25. g4 Rf3 26. Re2 Ke6 27. Kg2 Rf7 28. b3 Bc3 29. Rc2 Bb4 30. Kg3 Rf1 31. Rc1 Rxc1 32. Bxc1 Bc3 33. Be3 a6 34. Kf3 Ba5 35. h3 Bc3 36. Ke2 Ba5 37. Bd2 Bxd2 38. Kxd2 a5 39. Kc2 g5 40. b4 b6 41. Kb3 Ke7 42. Kc3 Ke6 1/2-1/2

[Event "AUT-chT2S 9900"]
[Site "Austria"]
[Date "1999.10.10"]
[Round "2.5"]
[White "Benda, Herbert"]
[Black "Riedner, Martin"]
[Result "1-0"]
[WhiteElo "2210"]
[BlackElo "2229"]
[Annotator "Gabriele Ballarin"]
[PlyCount "65"]
[EventDate "1999.10.??"]
[EventType "team"]
[EventRounds "11"]
[EventCountry "AUT"]
[SourceTitle "EXT 2002"]
[Source "ChessBase"]
[SourceDate "2001.11.25"]
[SourceVersion "1"]
[SourceVersionDate "2001.11.25"]
[SourceQuality "1"]

1. e4 d5 2. exd5 Qxd5 3. Nc3 Qa5 4. d4 c6 5. Nf3 Nf6 6. Bc4 Bf5 7. Bd2 Qb6 8. O-O e6 9. Re1 Be7 10. Bb3 O-O 11. h3 Re8 12. Qe2 Nbd7 13. Rad1 Rad8 14. g4 Bg6 15. Be3 Nd5 16. Nxd5 cxd5 17. Bf4 Rc8 18. Ba4 Red8 19. c3 Qa5 20. Bxd7 Rxd7 21. Ne5 Rdd8 22. Bg3 Bf6 23. h4 Bxe5 24. Bxe5 h6 25. h5 Bh7 26. g5 hxg5 27. Qg4 Rd7 28. Qxg5 f6 29. Bxf6 Bf5 30. h6 g6 31. Rxe6 Kh7 32. Re5 Rg8 33. Rde1 1-0

[Event "AUT-chT2S 9900"]
[Site "Austria"]
[Date "1999.10.10"]
[Round "2.5"]
[White "Feichter, Clemens"]
[Black "Buchegger, Karl"]
[Result "1/2-1/2"]
[WhiteElo "2170"]
[BlackElo "2196"]
[Annotator "Gabriele Ballarin"]
[PlyCount "56"]
[EventDate "1999.10.??"]
[EventType "team"]
[EventRounds "11"]
[EventCountry "AUT"]
[SourceTitle "EXT 2002"]
[Source "ChessBase"]
[SourceDate "2001.11.25"]
[SourceVersion "1"]
[SourceVersionDate "2001.11.25"]
[SourceQuality "1"]

1. e4 c5 2. Nc3 e6 3. f4 d5 4. Nf3 d4 5. Ne2 Nf6 6. d3 Nc6 7. g3 Be7 8. Bg2 O-O 9. h3 Qc7 10. O-O Ne8 11. g4 f5 12. gxf5 exf5 13. e5 g6 14. a3 a5 15. Qe1 Ng7 16. h4 Kh8 17. Bd2 Qb6 18. b3 Be6 19. Kh2 a4 20. bxa4 Rxa4 21. c4 Qa6 22. Qb1 h6 23. Qb2 Ra8 24. Rfb1 Bc8 25. Bc1 Bd8 26. Qc2 Ra5 27. Kh3 Qa7 28. Rb3 Ne6 1/2-1/2

[Event "AUT-chT2S 9900"]
[Site "Austria"]
[Date "1999.10.10"]
[Round "2.5"]
[White "Schroecker, Maria Luise"]
[Black "Deutsch, Ludwig"]
[Result "1/2-1/2"]
[WhiteElo "2095"]
[BlackElo "2173"]
[Annotator "Gabriele Ballarin"]
[PlyCount "36"]
[EventDate "1999.10.??"]
[EventType "team"]
[EventRounds "11"]
[EventCountry "AUT"]
[SourceTitle "EXT 2002"]
[Source "ChessBase"]
[SourceDate "2001.11.25"]
[SourceVersion "1"]
[SourceVersionDate "2001.11.25"]
[SourceQuality "1"]

1. d4 c5 2. d5 e5 3. c4 d6 4. e4 Ne7 5. Bd3 Ng6 6. Ne2 Be7 7. Nbc3 a6 8. O-O Bg5 9. a3 Bxc1 10. Qxc1 Nd7 11. b4 Qf6 12. Na4 b6 13. Qe3 Nf4 14. Rfd1 h5 15. bxc5 bxc5 16. Rab1 h4 17. Nb6 Nxb6 18. Rxb6 Nxe2+ 1/2-1/2

[Event "AUT-chT2S 9900"]
[Site "Austria"]
[Date "1999.10.10"]
[Round "2.6"]
[White "Kleiser, Gregor"]
[Black "Kuess, Mario"]
[Result "1-0"]
[WhiteElo "2157"]
[BlackElo "2150"]
[Annotator "Gabriele Ballarin"]
[PlyCount "57"]
[EventDate "1999.10.??"]
[EventType "team"]
[EventRounds "11"]
[EventCountry "AUT"]
[SourceTitle "EXT 2002"]
[Source "ChessBase"]
[SourceDate "2001.11.25"]
[SourceVersion "1"]
[SourceVersionDate "2001.11.25"]
[SourceQuality "1"]

{10240kB, General.ctg. Pentium} 1. b4 e5 2. Bb2 d6 3. c4 Nf6 4. e3 Be7 5. Nf3 Bg4 6. Be2 c6 7. Nc3 O-O 8. Qc2 Qc7 9. Rc1 Nbd7 10. Bd3 Rfe8 11. h3 Bh5 12. Ng5 Bg6 13. Bxg6 hxg6 14. h4 Rac8 15. h5 gxh5 16. Rxh5 d5 17. Rh3 e4 18. Ke2 Ne5 19. Rch1 Ng6 20. f3 Qd7 21. c5 Qf5 22. f4 Rcd8 23. Ke1 Qg4 24. Ne2 Nd7 25. Rg3 Qf5 26. Nd4 Qf6 27. Qd1 Nxf4 28. exf4 Qxf4 29. Rh8+ 1-0

[Event "AUT-chT2S 9900"]
[Site "Austria"]
[Date "1999.10.10"]
[Round "2.6"]
[White "Matosec, Thomas"]
[Black "Brunnsteiner, Mario"]
[Result "0-1"]
[WhiteElo "2085"]
[BlackElo "2151"]
[Annotator "Gabriele Ballarin"]
[PlyCount "80"]
[EventDate "1999.10.??"]
[EventType "team"]
[EventRounds "11"]
[EventCountry "AUT"]
[SourceTitle "EXT 2002"]
[Source "ChessBase"]
[SourceDate "2001.11.25"]
[SourceVersion "1"]
[SourceVersionDate "2001.11.25"]
[SourceQuality "1"]

1. d4 Nf6 2. Nf3 e6 3. e3 b6 4. Bd3 Bb7 5. O-O Be7 6. Nbd2 c5 7. c3 O-O 8. e4 d6 9. Re1 Nc6 10. Nf1 e5 11. d5 Nb8 12. Ng3 g6 13. Bh6 Re8 14. h3 Na6 15. Bb5 Nd7 16. Qa4 Nab8 17. Bc6 Qc7 18. Bxb7 Qxb7 19. c4 a6 20. Qb3 Nf6 21. a4 Ra7 22. Nh2 Nbd7 23. Qf3 Rea8 24. Nf5 Bf8 25. Bxf8 Kxf8 26. Nh6 Kg7 27. N2g4 b5 28. axb5 axb5 29. Rxa7 Rxa7 30. b3 Ra3 31. Re3 bxc4 32. bxc4 Qb1+ 33. Kh2 Ra1 34. Nxf6 Qg1+ 35. Kg3 Nxf6 36. Ng4 Nh5+ 37. Kh4 Nf4 38. Kg3 Qh1 39. Rb3 Rg1 40. Ne3 Qxh3# 0-1

[Event "AUT-chT2S 9900"]
[Site "Austria"]
[Date "1999.11.20"]
[Round "3.1"]
[White "Eingorn, Vereslav S"]
[Black "Tratar, Marko"]
[Result "1-0"]
[WhiteElo "2589"]
[BlackElo "2442"]
[Annotator "Gabriele Ballarin"]
[PlyCount "81"]
[EventDate "1999.10.??"]
[EventType "team"]
[EventRounds "11"]
[EventCountry "AUT"]
[SourceTitle "EXT 2002"]
[Source "ChessBase"]
[SourceDate "2001.11.25"]
[SourceVersion "1"]
[SourceVersionDate "2001.11.25"]
[SourceQuality "1"]

1. Nf3 Nf6 2. c4 g6 3. b3 Bg7 4. Bb2 c5 5. g3 b6 6. Bg2 Bb7 7. O-O Nc6 8. d4 Nxd4 9. Nxd4 Bxg2 10. Kxg2 cxd4 11. Qxd4 O-O 12. Nc3 d6 13. Rfd1 Rc8 14. Nd5 Ne8 15. Qd2 Bxb2 16. Qxb2 Nc7 17. Nf4 Ne6 18. Nd5 Nc7 19. e4 Nxd5 20. exd5 Rc5 21. Rd4 b5 22. Re1 bxc4 23. bxc4 Re8 24. Rde4 a5 25. h4 h5 26. Qd2 Kg7 27. R1e3 Qc8 28. Qd4+ Kg8 29. Rxe7 Rxe7 30. Rxe7 Rxc4 31. Qf6 Qf8 32. Rd7 Qg7 33. Qd8+ Qf8 34. Qxa5 Kg7 35. Qb5 Rc5 36. Qb2+ Kg8 37. Qf6 Qg7 38. Qxd6 Rc2 39. Qb8+ Kh7 40. Qe8 Rxf2+ 41. Kxf2 1-0

[Event "AUT-chT2S 9900"]
[Site "Austria"]
[Date "1999.11.20"]
[Round "3.1"]
[White "Forintos, Gyozo Victor"]
[Black "Bukal, Vladimir Jr"]
[Result "1-0"]
[WhiteElo "2343"]
[BlackElo "2390"]
[Annotator "Gabriele Ballarin"]
[PlyCount "141"]
[EventDate "1999.10.??"]
[EventType "team"]
[EventRounds "11"]
[EventCountry "AUT"]
[SourceTitle "EXT 2002"]
[Source "ChessBase"]
[SourceDate "2001.11.25"]
[SourceVersion "1"]
[SourceVersionDate "2001.11.25"]
[SourceQuality "1"]

1. d4 d5 2. c4 c6 3. Nf3 Nf6 4. Nc3 a6 5. a4 e6 6. Bg5 Nbd7 7. cxd5 exd5 8. e3 Be7 9. Bd3 O-O 10. Qc2 Re8 11. O-O Nf8 12. h3 a5 13. Rab1 Ne4 14. Bxe7 Qxe7 15. Bxe4 dxe4 16. Nd2 Bf5 17. f4 h5 18. b4 axb4 19. Na2 b3 20. Qxb3 Be6 21. Qc2 c5 22. dxc5 Nd7 23. Nc3 Qxc5 24. Ndxe4 Qxe3+ 25. Qf2 Qxf2+ 26. Rxf2 Bf5 27. Rxb7 Bxe4 28. Rxd7 Bc6 29. Rd4 Re1+ 30. Rf1 Re3 31. Rc4 Bb7 32. Rb1 Ba6 33. Rc6 Bd3 34. Rd1 Bf5 35. Kf2 Ree8 36. Rc5 g6 37. a5 Reb8 38. Rd2 Rb4 39. Nd5 Ra4 40. Ne7+ Kh7 41. Nxf5 gxf5 42. Rxf5 R8xa5 43. Rxf7+ Kg6 44. Rdd7 Ra3 45. Kg1 R5a4 46. Rg7+ Kf6 47. Kh2 Rb4 48. Rdf7+ Ke6 49. Rf8 Rb2 50. Rh8 Kf6 51. Rg5 Rf2 52. Rh6+ Ke7 53. f5 Raf3 54. Rhxh5 Kf7 55. Rg3 Rf4 56. Ra3 Rb4 57. Ra7+ Kg8 58. Rg5+ Kh8 59. Ra6 Kh7 60. Kg1 Rbf4 61. Rf6 Rf1+ 62. Kh2 R1f2 63. Kg3 Rf1 64. h4 R1f2 65. h5 Rf1 66. h6 Kh8 67. Rf8+ Kh7 68. Rg7+ Kxh6 69. Rg4 Rxg4+ 70. Kxg4 Ra1 71. Rf6+ 1-0

[Event "AUT-chT2S 9900"]
[Site "Austria"]
[Date "1999.11.20"]
[Round "3.1"]
[White "Ivancsics, Michael"]
[Black "Horvath, Jozsef"]
[Result "0-1"]
[WhiteElo "2255"]
[BlackElo "2526"]
[Annotator "Gabriele Ballarin"]
[PlyCount "94"]
[EventDate "1999.10.??"]
[EventType "team"]
[EventRounds "11"]
[EventCountry "AUT"]
[SourceTitle "EXT 2002"]
[Source "ChessBase"]
[SourceDate "2001.11.25"]
[SourceVersion "1"]
[SourceVersionDate "2001.11.25"]
[SourceQuality "1"]

1. d4 Nf6 2. c4 g6 3. g3 Bg7 4. Bg2 d6 5. Nf3 O-O 6. O-O c6 7. Nc3 Qb6 8. b3 e5 9. Bb2 e4 10. Ne1 d5 11. Nc2 Re8 12. Rb1 Be6 13. Na4 Qd8 14. Nc5 Bc8 15. Bc1 b6 16. Na4 Be6 17. cxd5 cxd5 18. Bf4 Nc6 19. Qd2 Rc8 20. Rbc1 Qe7 21. Nc3 a6 22. Na4 Nd7 23. b4 Na7 24. f3 exf3 25. exf3 Nb5 26. Rfe1 Qf8 27. Bf1 Bf5 28. Rxe8 Rxe8 29. Ne3 Nxd4 30. Kg2 b5 31. Nc5 Nb6 32. Nxf5 Nxf5 33. Nxa6 Nc4 34. Bxc4 dxc4 35. Nc5 Rd8 36. Qe1 h5 37. a4 bxa4 38. Nxa4 Ra8 39. Nb6 Ra2+ 40. Kh3 c3 41. Be5 Qxb4 42. Bxg7 g5 43. Qe8+ Kh7 44. Bd4 g4+ 45. fxg4 hxg4+ 46. Kxg4 Qxd4+ 47. Kg5 Nd6 0-1

[Event "AUT-chT2S 9900"]
[Site "Austria"]
[Date "1999.11.20"]
[Round "3.1"]
[White "Mohr, Georg"]
[Black "Konopka, Michal"]
[Result "0-1"]
[WhiteElo "2483"]
[BlackElo "2484"]
[Annotator "Gabriele Ballarin"]
[PlyCount "108"]
[EventDate "1999.10.??"]
[EventType "team"]
[EventRounds "11"]
[EventCountry "AUT"]
[SourceTitle "EXT 2002"]
[Source "ChessBase"]
[SourceDate "2001.11.25"]
[SourceVersion "1"]
[SourceVersionDate "2001.11.25"]
[SourceQuality "1"]

{10240kB, General.ctg. Pentium} 1. Nf3 Nf6 2. c4 e6 3. g3 d5 4. Bg2 Be7 5. O-O O-O 6. b3 b6 7. e3 Bb7 8. Nc3 dxc4 9. bxc4 c5 10. d3 Nc6 11. Qe2 Qc7 12. Bb2 a6 13. Rab1 Rab8 14. Ba1 Na7 15. a4 Rfd8 16. Rfd1 Ne8 17. h4 Bc6 18. d4 Nf6 19. d5 exd5 20. cxd5 Nxd5 21. Nxd5 Rxd5 22. Rxd5 Bxd5 23. Qxa6 Nc6 24. Qe2 Nb4 25. e4 Bc6 26. Qc4 Rc8 27. Ne5 Bf6 28. Bh3 Re8 29. Nxc6 Nxc6 30. Bxf6 gxf6 31. Bf1 Nd4 32. Bg2 Rd8 33. Kh2 Kg7 34. f4 Ne6 35. Qb5 Rd2 36. Rc1 Nxf4 37. Rg1 Ne2 38. Qb3 Nxg1 39. Kxg1 Qd6 40. Qf3 Qd3 41. Qg4+ Kf8 42. Qc8+ Kg7 43. Qg4+ Kh6 44. Qg8 Qd4+ 45. Kh1 Qd8 46. Qxf7 Rd7 47. Qe6 Kg7 48. e5 fxe5 49. Be4 Rd1+ 50. Kh2 Qf6 51. Qg4+ Kf8 52. Bg2 Ke7 53. Qg8 Qg6 54. Qb3 Rd3 0-1

[Event "AUT-chT2S 9900"]
[Site "Austria"]
[Date "1999.11.20"]
[Round "3.1"]
[White "Siklosi, Zoltan"]
[Black "Petran, Pal"]
[Result "1/2-1/2"]
[WhiteElo "2337"]
[BlackElo "2371"]
[Annotator "Gabriele Ballarin"]
[PlyCount "27"]
[EventDate "1999.10.??"]
[EventType "team"]
[EventRounds "11"]
[EventCountry "AUT"]
[SourceTitle "EXT 2002"]
[Source "ChessBase"]
[SourceDate "2001.11.25"]
[SourceVersion "1"]
[SourceVersionDate "2001.11.25"]
[SourceQuality "1"]

{10240kB, General.ctg. Pentium} 1. e4 e5 2. Nf3 Nc6 3. Nc3 Nf6 4. Bb5 Nd4 5. Nxd4 exd4 6. e5 dxc3 7. exf6 Qxf6 8. dxc3 Bc5 9. Qe2+ Qe7 10. O-O c6 11. Re1 d5 12. Qxe7+ Bxe7 13. Bd3 Be6 14. Bf4 1/2-1/2

[Event "AUT-chT2S 9900"]
[Site "Austria"]
[Date "1999.11.20"]
[Round "3.1"]
[White "Stohl, Igor"]
[Black "Ruck, Robert"]
[Result "1/2-1/2"]
[WhiteElo "2600"]
[BlackElo "2485"]
[Annotator "Gabriele Ballarin"]
[PlyCount "53"]
[EventDate "1999.10.??"]
[EventType "team"]
[EventRounds "11"]
[EventCountry "AUT"]
[SourceTitle "EXT 2002"]
[Source "ChessBase"]
[SourceDate "2001.11.25"]
[SourceVersion "1"]
[SourceVersionDate "2001.11.25"]
[SourceQuality "1"]

1. c4 e5 2. g3 Nf6 3. Bg2 d5 4. cxd5 Nxd5 5. Nf3 Nc6 6. O-O Nb6 7. d3 Be7 8. a3 O-O 9. Nbd2 a5 10. b3 Re8 11. Bb2 Bf8 12. Qc2 f6 13. Rfd1 Bg4 14. Ne4 Qd7 15. d4 Bxf3 16. Bxf3 Nxd4 17. Bxd4 exd4 18. Nc5 Bxc5 19. Qxc5 Re5 20. Qxd4 Qxd4 21. Rxd4 c6 22. Rb1 Kf8 23. e3 Ke8 24. b4 Na4 25. Rc4 axb4 26. axb4 Rd8 27. Rc2 1/2-1/2

[Event "AUT-chT2S 9900"]
[Site "Austria"]
[Date "1999.11.20"]
[Round "3.2"]
[White "Ceschia, Ivano"]
[Black "Brestian, Egon"]
[Result "0-1"]
[WhiteElo "2330"]
[BlackElo "2429"]
[Annotator "Gabriele Ballarin"]
[PlyCount "53"]
[EventDate "1999.10.??"]
[EventType "team"]
[EventRounds "11"]
[EventCountry "AUT"]
[SourceTitle "EXT 2002"]
[Source "ChessBase"]
[SourceDate "2001.11.25"]
[SourceVersion "1"]
[SourceVersionDate "2001.11.25"]
[SourceQuality "1"]

1. e4 c6 2. Nc3 d5 3. Nf3 Bg4 4. h3 Bxf3 5. Qxf3 e6 6. Be2 Nd7 7. O-O dxe4 8. Nxe4 Ngf6 9. d4 Nxe4 10. Qxe4 Nf6 11. Qh4 Be7 12. c4 Qa5 13. Qg3 O-O 14. Bh6 Ne8 15. Be3 Nd6 16. Bd3 Rfd8 17. Qf3 Bf6 18. g4 Ne8 19. b4 Qxb4 20. g5 Bxd4 21. Bxh7+ Kxh7 22. Qxf7 Qc5 23. Rfe1 Qf5 24. Qh5+ Kg8 25. Bxd4 Rxd4 26. Re3 g6 27. Qh6 0-1

[Event "AUT-chT2S 9900"]
[Site "Austria"]
[Date "1999.11.20"]
[Round "3.2"]
[White "Hebesberger, Thomas"]
[Black "Beck, Hartmuth"]
[Result "1/2-1/2"]
[WhiteElo "2240"]
[BlackElo "2235"]
[Annotator "Gabriele Ballarin"]
[PlyCount "123"]
[EventDate "1999.10.??"]
[EventType "team"]
[EventRounds "11"]
[EventCountry "AUT"]
[SourceTitle "EXT 2002"]
[Source "ChessBase"]
[SourceDate "2001.11.25"]
[SourceVersion "1"]
[SourceVersionDate "2001.11.25"]
[SourceQuality "1"]

1. e4 c5 2. Nf3 d6 3. d4 cxd4 4. Qxd4 Nc6 5. Bb5 Bd7 6. Bxc6 Bxc6 7. c4 Nf6 8. Nc3 g6 9. O-O Bg7 10. Qd3 O-O 11. Bd2 Qb8 12. Nd5 Re8 13. Bc3 Bxd5 14. exd5 Qc7 15. Rac1 Rac8 16. b3 a6 17. h3 Qb8 18. Rfe1 Rc7 19. Bd4 Kf8 20. Ng5 Kg8 21. Rc2 Rcc8 22. Rce2 Qc7 23. Re3 Qd7 24. Ne4 Nxe4 25. Rxe4 Bxd4 26. Qxd4 b5 27. cxb5 axb5 28. Qe3 Qf5 29. Qh6 Qf6 30. Rf4 Qg7 31. Qg5 Kf8 32. Rfe4 Rc7 33. Qf4 Qb2 34. R1e3 Qxa2 35. Kh2 Qb2 36. Qh4 Qg7 37. Qg3 Rec8 38. Qh4 Re8 39. Qg3 Qf6 40. Rf3 Qa1 41. Qh4 Qg7 42. Rfe3 f6 43. Re6 g5 44. Qd4 Rc5 45. Qd3 Qg6 46. Qe2 Rc2 47. Qe1 Rc7 48. Qa5 Qc2 49. Qxb5 Ra8 50. Rxe7 Rxe7 51. Rxe7 Qxf2 52. Re4 f5 53. Ra4 Rxa4 54. Qxa4 f4 55. Qe4 Qg3+ 56. Kh1 Kg7 57. Qe7+ Kg8 58. Qe6+ Kg7 59. Qe7+ Kg8 60. Qe4 Kg7 61. b4 f3 62. Qe7+ 1/2-1/2

[Event "AUT-chT2S 9900"]
[Site "Austria"]
[Date "1999.11.20"]
[Round "3.2"]
[White "Mocchi, Tullio"]
[Black "Krebs, Johann"]
[Result "0-1"]
[WhiteElo "2390"]
[BlackElo "2130"]
[Annotator "Gabriele Ballarin"]
[PlyCount "88"]
[EventDate "1999.10.??"]
[EventType "team"]
[EventRounds "11"]
[EventCountry "AUT"]
[SourceTitle "EXT 2002"]
[Source "ChessBase"]
[SourceDate "2001.11.25"]
[SourceVersion "1"]
[SourceVersionDate "2001.11.25"]
[SourceQuality "1"]

1. e4 c5 2. Nf3 g6 3. d4 Bg7 4. dxc5 Qa5+ 5. c3 Qxc5 6. Be3 Qc7 7. Na3 Nc6 8. Nd4 Nf6 9. f3 O-O 10. Nab5 Qb8 11. c4 d6 12. Be2 Nd7 13. O-O Nde5 14. Nc3 Nxd4 15. Bxd4 Be6 16. f4 Nc6 17. Bxg7 Kxg7 18. f5 Bd7 19. Nd5 f6 20. Qb3 Qd8 21. Rad1 b6 22. Rd3 Ne5 23. Rh3 g5 24. Rg3 Kh8 25. h4 gxh4 26. Rh3 Rg8 27. Rf4 Rg7 28. Rfxh4 Qg8 29. Rh2 Rc8 30. Qh3 b5 31. Nf4 bxc4 32. Bg4 Rb8 33. Ng6+ Nxg6 34. fxg6 Bxg4 35. Qxg4 c3 36. bxc3 Rxg6 37. Rxh7+ Qxh7 38. Qxg6 Rb1+ 39. Kf2 Qxh2 40. Qe8+ Kg7 41. Qxe7+ Kg6 42. Qe8+ Kg7 43. Qe7+ Kg6 44. Qe8+ Kg5 0-1

[Event "AUT-chT2S 9900"]
[Site "Austria"]
[Date "1999.11.20"]
[Round "3.2"]
[White "Petschar, Kurt"]
[Black "Demuth, Markus"]
[Result "1-0"]
[WhiteElo "2250"]
[BlackElo "2221"]
[Annotator "Gabriele Ballarin"]
[PlyCount "107"]
[EventDate "1999.10.??"]
[EventType "team"]
[EventRounds "11"]
[EventCountry "AUT"]
[SourceTitle "EXT 2002"]
[Source "ChessBase"]
[SourceDate "2001.11.25"]
[SourceVersion "1"]
[SourceVersionDate "2001.11.25"]
[SourceQuality "1"]

1. d4 Nf6 2. Nf3 g6 3. Nc3 d5 4. Bf4 Bg7 5. Qd2 O-O 6. Bh6 Nc6 7. Bxg7 Kxg7 8. O-O-O Bf5 9. Nh4 Qd7 10. f3 Nb4 11. Nxf5+ Qxf5 12. e4 dxe4 13. fxe4 Qa5 14. e5 Nd7 15. Bc4 Rad8 16. Qe2 Nb6 17. Bb3 N6d5 18. Nxd5 Nxd5 19. c4 Nb4 20. Kb1 Qb6 21. Qe4 Qc6 22. d5 Qc5 23. h4 f5 24. Qf4 h6 25. a3 Na6 26. Bc2 b5 27. cxb5 Qxb5 28. Bd3 Qb6 29. Bxa6 Qxa6 30. Qb4 Rb8 31. Qxe7+ Rf7 32. Qc5 Qe2 33. Qc3 Kh7 34. e6 Rff8 35. Qxc7+ Kg8 36. Qc2 Qe5 37. Rhe1 Qd6 38. Qd3 Rb7 39. Re2 Rfb8 40. h5 g5 41. e7 Rxe7 42. Rxe7 Qxe7 43. Qxf5 Rb6 44. Rc1 Rf6 45. Qc8+ Rf8 46. Qc4 Qd6 47. Qc6 Rf6 48. Qxd6 Rxd6 49. Rd1 g4 50. Rd4 Kf7 51. Rf4+ Ke7 52. Rxg4 Rxd5 53. Rg7+ Kd6 54. g4 1-0

[Event "AUT-chT2S 9900"]
[Site "Austria"]
[Date "1999.11.20"]
[Round "3.2"]
[White "Raffalt, Manfred"]
[Black "Tabernig, Bernhard"]
[Result "0-1"]
[WhiteElo "2206"]
[BlackElo "2360"]
[Annotator "Gabriele Ballarin"]
[PlyCount "99"]
[EventDate "1999.10.??"]
[EventType "team"]
[EventRounds "11"]
[EventCountry "AUT"]
[SourceTitle "EXT 2002"]
[Source "ChessBase"]
[SourceDate "2001.11.25"]
[SourceVersion "1"]
[SourceVersionDate "2001.11.25"]
[SourceQuality "1"]

1. d4 d5 2. c4 e6 3. Nc3 c6 4. cxd5 exd5 5. Nf3 Bf5 6. Bf4 Nf6 7. e3 Qb6 8. Qc1 h6 9. Be2 Nbd7 10. O-O Be7 11. a3 a5 12. Na4 Qb3 13. Nc5 Qb6 14. Nxd7 Nxd7 15. Ne5 Nxe5 16. Bxe5 O-O 17. Qc3 Rfc8 18. Bd3 Bxd3 19. Qxd3 a4 20. Rab1 Ra5 21. Qf5 Qd8 22. Qg4 Bf8 23. Bf4 Kh8 24. Qf5 Qe8 25. b4 axb3 26. Rxb3 b5 27. e4 Qe6 28. Qxe6 fxe6 29. Bc1 Rca8 30. Rc3 R8a6 31. g4 Bxa3 32. g5 hxg5 33. exd5 exd5 34. Kg2 Ra4 35. Bxa3 Rxa3 36. Rxa3 Rxa3 37. Rc1 Ra6 38. Kg3 Kh7 39. Kg4 Kg6 40. Re1 Kf6 41. Rc1 b4 42. Rb1 Rb6 43. Rb3 Kg6 44. f4 gxf4 45. Kxf4 Kf6 46. h4 Ke6 47. Kg5 Kd6 48. Kf5 c5 49. dxc5+ Kxc5 50. Ke5 0-1

[Event "AUT-chT2S 9900"]
[Site "Austria"]
[Date "1999.11.20"]
[Round "3.3"]
[White "Brod, Manfred"]
[Black "Bachler, Reinhard"]
[Result "0-1"]
[WhiteElo "2223"]
[BlackElo "2220"]
[Annotator "Gabriele Ballarin"]
[PlyCount "98"]
[EventDate "1999.10.??"]
[EventType "team"]
[EventRounds "11"]
[EventCountry "AUT"]
[SourceTitle "EXT 2002"]
[Source "ChessBase"]
[SourceDate "2001.11.25"]
[SourceVersion "1"]
[SourceVersionDate "2001.11.25"]
[SourceQuality "1"]

1. e4 c5 2. Nf3 d6 3. d4 cxd4 4. Nxd4 Nf6 5. Nc3 a6 6. f4 e5 7. Nf3 Qc7 8. a4 Be7 9. Bd3 Nc6 10. O-O exf4 11. Kh1 Nh5 12. Ne1 Ne5 13. Be2 Nf6 14. Bxf4 Be6 15. Nd5 Bxd5 16. exd5 Nfd7 17. Nf3 Bf6 18. c3 O-O 19. Qc2 h6 20. Qf5 Rae8 21. Rfe1 g6 22. Qh3 h5 23. Qg3 Bg7 24. Ng5 Nf6 25. Bf3 Qb6 26. b4 Nd3 27. a5 Rxe1+ 28. Rxe1 Qd8 29. Rd1 Nxf4 30. Qxf4 Qe7 31. h3 Bh6 32. Qg3 Re8 33. c4 Qe3 34. h4 Ng4 35. Rf1 Qd3 36. Rd1 Qe3 37. Rf1 Qd3 38. Rd1 Qxc4 39. Re1 Rxe1+ 40. Qxe1 Ne5 41. Ne4 Nxf3 42. gxf3 Bf4 43. Kg2 Kg7 44. Qa1+ Be5 45. Qb1 Qe2+ 46. Nf2 Bd4 47. Qf1 Qxf2+ 48. Qxf2 Bxf2 49. Kxf2 Kf6 0-1

[Event "AUT-chT2S 9900"]
[Site "Austria"]
[Date "1999.11.20"]
[Round "3.3"]
[White "Dohr, Alexander"]
[Black "Aschenbrenner, Robert"]
[Result "1-0"]
[WhiteElo "2193"]
[BlackElo "2160"]
[Annotator "Gabriele Ballarin"]
[PlyCount "67"]
[EventDate "1999.10.??"]
[EventType "team"]
[EventRounds "11"]
[EventCountry "AUT"]
[SourceTitle "EXT 2002"]
[Source "ChessBase"]
[SourceDate "2001.11.25"]
[SourceVersion "1"]
[SourceVersionDate "2001.11.25"]
[SourceQuality "1"]

1. e4 c5 2. Nf3 d6 3. Bb5+ Bd7 4. a4 Nc6 5. O-O g6 6. Re1 Bg7 7. c3 Nf6 8. d4 cxd4 9. cxd4 O-O 10. Nc3 Bg4 11. Be3 Nd7 12. Be2 Nb6 13. a5 Bxf3 14. gxf3 Nd7 15. a6 b6 16. Qa4 Rc8 17. Nb5 f5 18. d5 Nce5 19. Nxa7 Ra8 20. Nc6 Nxc6 21. dxc6 Nc5 22. Qc4+ Kh8 23. b4 Bxa1 24. Rxa1 b5 25. Qxb5 Ne6 26. Qc4 f4 27. Bd2 Ng5 28. h4 e5 29. hxg5 Qxg5+ 30. Kf1 Qh4 31. Ke1 Qh1+ 32. Bf1 Qxf3 33. Qd3 Qh1 34. b5 1-0